LEADER 00966nam a2200241 i 4500 001 000000244091 003 CaOOAMICUS 005 20150807000000.0 008 150807s2013 it u000 u ita u 013 $a222996 020 $a978-88-6570-172-0 040 $aSeMil$bita 100 1 $aMagrė, Enzo.$0(OLS)http://semarc/name/82352 245 10$aGuerre di carta :$bil giornalismo milanese dal 1859 al 2000 /$cEnzo Magrė. 260 $aVarese :$bMacchione,$c2013. 300 $a570 p. ;$c21 cm. 650 4$aGiornalismo - Milano - Storia.$0(OLS)http://semarc/subject/40326 850 $aSeMil 852 $aSeMil$W1$xVenegono$y1$m3M II 329$j194437$B194437$CSeMilBibl$Z2$F205404 $81 961 $aOmaggio: Altro 996 $6020$a978-88-6570-172-0$9(OLS)http://semarc/number/252146 996 $6245$aGuerre di carta :$bil giornalismo milanese dal 1859 al 2000$9(OLS)http://semarc/title/346043 996 $6260$aVarese :$bMacchione$9(OLS)http://semarc/publisher/34285 LEADER 00914nam a2200205 i 4500 001 000000031415 003 CaOOAMICUS 005 20230502144423.0 008 180830s1825 it u000 u ita u 040 $aSeMil$bita 100 1 $aSegneri, Paolo,$c.$0(OLS)http://semarc/name/3164 245 12$aL'incredulo senza scusa del padre Paolo Segneri della Compagnia di Gesų. Volume 1. [-2.]. 260 $aBrescia :$bTipografia Pasini,$c1825. 300 $a2 v. ;$c12°. 773 0 $aSegneri, Paolo $tOpere del padre Paolo Segneri.$dBrescia : Tipografia Pasini, 1822-1825.$w()31409 774 0 $tVol. 1.$g1$w()238955 774 0 $tVol. 2.$g2$w()238956 996 $6245$aL'incredulo senza scusa del padre Paolo Segneri della Compagnia di Gesų. Volume 1. [-2.]$9(OLS)http://semarc/title/42711 996 $6260$aBrescia :$bTipografia Pasini$9(OLS)http://semarc/publisher/36499